| 000 | 01048nam a22003377a 4500 | ||
|---|---|---|---|
| 001 | BR2022000307 | ||
| 003 | BR-BrBNA | ||
| 005 | 20230928105631.0 | ||
| 007 | ta | ||
| 008 | 230509b bl.||||| |||| 00| 0 por d | ||
| 040 |
_aBR-BrBNA _bpor _cBiblioteca Nacional de Agricultura |
||
| 041 | _a(Por) | ||
| 072 |
_aL74; L40 _b4300 _b5400 |
||
| 090 | _ 4300 BR2022000307 | ||
| 100 | 1 | _aTrindade, H.D. | |
| 110 | 1 | _aUniversidade Federal de Minas Gerais, Belo Horizonte (Brasil). Escola de Veterinária | |
| 245 | 1 |
_aAtresia anal e hipospadia perineal em cão: revisão de literatura e relato de caso _bEspecialista em Medicina Veterinária |
|
| 260 | 3 |
_aBelo Horizonte, MG (Brasil): _c2019. |
|
| 300 | _a37 p. | ||
| 500 | _aSummary (Por); 17 ref.; 22 illus.; 2 tables | ||
| 650 | _aCÃO | ||
| 650 | _aÂNUS | ||
| 650 | _aAPARELHO DIGESTIVO | ||
| 650 | _aDISTÚRBIO GENÉTICO | ||
| 650 | _aMALFORMAÇÃO | ||
| 650 | _aANOMALIA | ||
| 650 | _aDEFEITO | ||
| 650 | _aVETERINÁRIA | ||
| 909 |
_a202309 _bLucia _c55 _dLucia Elande |
||
| 942 | _cBK | ||
| 999 |
_c85965 _d85965 |
||